| 000 | 00738nam a22001697a 4500 | ||
|---|---|---|---|
| 003 | NUST | ||
| 020 | _a9780374532253 | ||
| 082 | _a954.9105,WEA | ||
| 100 |
_aWeaver, Mary Anne _9101521 |
||
| 245 |
_aPakistan : _bdeep inside the wolrd's most frightening state / _cMary Anne Weaver, |
||
| 260 |
_aUSA _bNew York _c2010 |
||
| 300 | _axxi, 292 p | ||
| 505 | _aGeneral on a tightope (Page-11), This was Pakistan (Page-45), In the Tribal Lands Balochistan (Page-86), Hunting with the Sheikhs (Page-130), Daughter of Pakistan (Page-165), DEJA VU (Page-214), Kashmir (Page-249), After word (Page-275). | ||
| 650 |
_aPakistan- Politics and government 1971-1988 _946352 |
||
| 651 |
_aPakistan Description and travel _9112262 |
||
| 942 |
_2ddc _cBK |
||
| 999 |
_c592055 _d592055 |
||